Văn học điển cố thuyết minh. t.III

Bewaard in:
Bibliografische gegevens
Andere auteurs: Khổng Đức
Formaat: Sách giấy
Taal:Vietnamese
Gepubliceerd in: TP.HCM : Văn nghệ, 2000
Tags: Voeg label toe
Geen labels, Wees de eerste die dit record labelt!
Thư viện lưu trữ: Thư viện Trường Đại học Đà Lạt
LEADER 00544nam a2200241 4500
001 DLU020016951
005 ##1/8/2001
020 # # |a 978- 
041 # # |a vie 
082 # # |a 895.180 2  |b Van 
245 # # |a Văn học điển cố thuyết minh.  |n t.III 
260 # # |a TP.HCM :  |b Văn nghệ,  |c 2000 
300 # # |a 495 tr.;   |c 20 cm. 
700 # # |a Khổng Đức 
992 # # |a 47000 
994 # # |a DLU 
900 # # |a False 
911 # # |a Administrator 
925 # # |a G 
926 # # |a A 
927 # # |a SH 
980 # # |a Thư viện Trường Đại học Đà Lạt